000
00289nam a2200121Ia 4500
008
190216s9999||||xx |||||||||||||| ||und||
100
_a
Srivasta B N
245
0
_a
Essential Of Quantum Mechanics
260
_b
Pragathi Prakashan
_c
1985
300
_a
236p
650
_a
Physics
942
_c
BK
999
_c
2403
_d
2403